Statistics for HBO’s The Last of Us Season 1 A-Z

Click here to take the quiz!

General Stats

  • This quiz has been taken 16 times
  • The average score is 21 of 26

Answer Stats

HintAnswer% Correct
(C) 3rd stage of traditional infectionClicker
92%
(E) Bella Ramsey’s characterEllie
92%
(F) Group of revolutionaries attempting to cure the infectionFireflies
92%
(G) This show is based off of a video ____Game
92%
(I) Ellie is ______Immune
92%
(J) Arguably the main character of the showJoel
92%
(N) “You’re ___ my daughter, and I sure as hell ain’t your Dad”Not
92%
(U) The Last of __Us
92%
(B) 4th stage of traditional infectionBloater
85%
(H) Sam’s older brotherHenry
85%
(M) Leader of the FirefliesMarlene
85%
(T) Joel’s brotherTommy
85%
(V) What the fireflies want to make by killing EllieVaccine
85%
(Y) The events of the show occur 20 _____ after the initial outbreakYears
85%
(Z) What are infected never called in the show?Zombies
85%
(D) The structure Jackson is powered byDam
77%
(O) The last word said in season 1Okay
77%
(W) “____ you’re lost in the darkness”When
77%
(A) Ellie’s motherAnna
69%
(K) Episode 6’s titleKin
69%
(L) Riley was ____ ______ (also episode 7’s title)Left Behind
69%
(R) The 1st stage of traditional infectionRunner
69%
(S) The 2nd stage of traditional infectionStalker
69%
(Q) The civilisations built by F.E.D.R.A. that are free of infectedQuarantine Zones
62%
(X) What holiday is taking place around the time Ellie & Joel are in Jackson?Xmas
62%
(P) Kathleen’s right handPerry
46%

Score Distribution

Percentile by Number Answered

Percent of People with Each Score

Your Score History

You have not taken this quiz